000 00498nam a2200181Ia 4500
001 946
005 20260306140555.0
008 260306t2017||||xx |||||||||||||| ||spa||
041 _aESP
082 _a174.4
_bM12G
100 _aMcDonald, Duff
_eAUT
245 4 _aThe golden passport:
_bharvard business school, the limits of capitalism, and the moral failure of the MBA elite
260 _c2017
300 _a657 páginas :
_c24 cm.
650 _aGEN
654 _aCHU
942 _cLIB
_dJUS
_fJUS
_2ddc
_n
999 _c946
_d946